<?xml version="1.0" encoding="UTF-8"?>
<record
    xmlns:xsi="http://www.w3.org/2001/XMLSchema-instance"
    xsi:schemaLocation="http://www.loc.gov/MARC21/slim http://www.loc.gov/standards/marcxml/schema/MARC21slim.xsd"
    xmlns="http://www.loc.gov/MARC21/slim">

  <leader>00309nam a2200121Ia 4500</leader>
  <controlfield tag="008">220803s9999    xx            000 0 und d</controlfield>
  <datafield tag="041" ind1=" " ind2=" ">
    <subfield code="a">eng</subfield>
  </datafield>
  <datafield tag="082" ind1=" " ind2=" ">
    <subfield code="a">721.044 IDE</subfield>
  </datafield>
  <datafield tag="100" ind1=" " ind2=" ">
    <subfield code="a">Idea Books Pub.</subfield>
    <subfield code="9">13290</subfield>
  </datafield>
  <datafield tag="245" ind1=" " ind2=" ">
    <subfield code="a">Art In Iron</subfield>
  </datafield>
  <datafield tag="260" ind1=" " ind2=" ">
    <subfield code="a">New York</subfield>
    <subfield code="b">Idea Book </subfield>
    <subfield code="c">1995</subfield>
  </datafield>
  <datafield tag="650" ind1=" " ind2=" ">
    <subfield code="a">Building Technology</subfield>
    <subfield code="9">13291</subfield>
  </datafield>
  <datafield tag="999" ind1=" " ind2=" ">
    <subfield code="c">10371</subfield>
    <subfield code="d">10371</subfield>
  </datafield>
  <datafield tag="952" ind1=" " ind2=" ">
    <subfield code="0">0</subfield>
    <subfield code="1">0</subfield>
    <subfield code="4">0</subfield>
    <subfield code="7">3</subfield>
    <subfield code="8">Book of B Arch</subfield>
    <subfield code="a">BNCA</subfield>
    <subfield code="b">BNCA</subfield>
    <subfield code="c">H4</subfield>
    <subfield code="d">1998-05-25</subfield>
    <subfield code="e">Book Space</subfield>
    <subfield code="g">935.00</subfield>
    <subfield code="o">721.04 IDE</subfield>
    <subfield code="p">BNCA-BK-2295</subfield>
    <subfield code="r">2022-08-03 00:00:00</subfield>
    <subfield code="v">1100.00</subfield>
    <subfield code="w">1998-04-02</subfield>
    <subfield code="y">BK</subfield>
    <subfield code="z">B002295</subfield>
  </datafield>
  <datafield tag="952" ind1=" " ind2=" ">
    <subfield code="0">0</subfield>
    <subfield code="1">0</subfield>
    <subfield code="4">0</subfield>
    <subfield code="7">0</subfield>
    <subfield code="8">Book of B Arch</subfield>
    <subfield code="a">BNCA</subfield>
    <subfield code="b">BNCA</subfield>
    <subfield code="c">H4</subfield>
    <subfield code="d">1998-05-25</subfield>
    <subfield code="e">Book Space</subfield>
    <subfield code="g">935.00</subfield>
    <subfield code="l">0</subfield>
    <subfield code="o">721.04 IDE</subfield>
    <subfield code="p">BNCA-BK-2296</subfield>
    <subfield code="r">2022-08-03 00:00:00</subfield>
    <subfield code="v">1100.00</subfield>
    <subfield code="w">1998-04-02</subfield>
    <subfield code="y">BK</subfield>
    <subfield code="z">B002296</subfield>
  </datafield>
</record>
